000 00679nam a2200217 a 4500
005 20240806064138.0
008 010618s19691998 r 000 0 eng d
020 _a8420611557
035 _aUPN01000108569
049 _aCG
050 4 _aBF175
_bJ8.38
100 1 _aJung, Carl Gustav,
_d1875-1961
245 1 4 _aLos complejos y el inconsciente /
_cC. G. Jung ; tr. Jesús López Pacheco.
260 _aMadrid :
_bAlianza,
_c1969 (1998 impr.).
300 _a451 p.
440 3 _aEl libro de bolsillo.
_pHumanidades ;
_v155
534 _pTraducción de:
_tL'home a la decouverte...
650 4 _aCOMPLEJOS (PSICOLOGIA)
_99826
650 4 _aPsicoanálisis
_91572
905 _aLibro
999 _c82481
_d82481